000 00657nam a2200265Ia 4500
005 20260324152706.0
008 008 260324s9999 xx 000 0 eng d
020 _a9780128044575
037 _aEBOOK
040 _aCRL
040 _beng
040 _cCRL
041 _2eng
041 _aeng
084 _qCRL
100 _aRichter, Andy
_91229490
245 0 _aPractical Deployment of Cisco Identity Services Engine (ISE)
260 _bElsevier
260 _c2016
650 _aComputer Science
856 _uhttps://www.sciencedirect.com/science/book/9780128044575
942 _cEBOOK
999 _c1840284
_d1840284